00484nam a22001457a 4500020001500000082001800015100001700033245003800050260004500088300000800133650003500141942000700176952013800183999001700321 a0198092121 a828.91209 HEE aHeehs, Peter aSituating Sri Aurobindo: A Reader aNew DelhibOxford University Pressc2013 a315 aProse and Poetry-Sri Aurobindo cBK 001040708NFICaHMIbHMIcGENd2018-09-24eKohinoor Book Dsitrributorsg995.00l0o828.91209 HEEp25528r2018-09-24w2018-09-24yBK c21684d21684